000 00292nam a22001337a 4500
008 170224b xxu||||| |||| 00| 0 eng d
020 _a1556641753
041 _aeng
080 _a617
100 _a5
101 _aSHS
245 _aCOMPLICATION THORACIC SURGERY
_cWOLFE.W.G
942 _2udc
_cBK
999 _c6189
_d6189